[Event "Gibraltar Masters 2020"]
[Site "Caleta ENG"]
[Date "2020.01.23"]
[Round "3.60"]
[White "Pranav, Anand"]
[Black "Cramling, Pia"]
[Result "1/2-1/2"]
[WhiteTitle "FM"]
[BlackTitle "GM"]
[WhiteElo "2309"]
[BlackElo "2470"]
[WhiteFideId "46626786"]
[BlackFideId "1700030"]
[EventDate "2020.01.21"]

1. d4 d5 2. c4 dxc4 3. e4 e5 4. Nf3 exd4 5. Bxc4 Bb4+ 6. Nbd2 Nc6 7. O-O Nf6 8.
e5 Nd5 9. Nb3 Nb6 10. Bb5 Bd7 11. Nbxd4 Nxd4 12. Nxd4 O-O 13. Bd3 Re8 14. Nc2
Bf8 15. Re1 g6 16. Qf3 Bc6 17. Qg3 Qd5 18. Bf4 Rad8 19. Be4 Qe6 20. Bxc6 Qxc6
21. Ne3 Rd3 22. Rac1 Qe6 23. Qh4 Rd4 24. Qg3 Nd5 25. Nxd5 Qxd5 26. Rxc7 Qa5 27.
Rcc1 Qxa2 28. Bg5 Qd5 29. Bf6 Rd2 30. Qc3 b6 31. Bg5 Rd3 32. Qc7 Bb4 33. Rf1 Bc5
34. Bf6 a5 35. g3 h5 36. Rce1 Qe6 37. Rd1 Rd5 38. Kg2 h4 39. Bxh4 Rxe5 40. Bd8
Rd5 41. Rde1 Qxe1 42. Rxe1 Rxe1 43. Bf6 Re6 44. Qc8+ Bf8 45. Bc3 Red6 46. Qb8
Rc6 47. Qa8 Rcd6 48. Qb8 Rc5 49. h4 Rc4 50. Qe8 Re6 51. Qd8 Rd6 52. Qe8 Re6 53.
Qd8 a4 54. h5 gxh5 55. Qg5+ Rg6 56. Qe5 Bg7 57. Qe8+ Bf8 58. Qe5 Rxc3 59. Qxc3
h4 60. Qc4 hxg3 61. fxg3 Bd6 62. g4 b5 63. Qxb5 Rxg4+ 64. Kf3 Rg3+ 65. Kf2 Rg4
66. Kf3 Rg3+ 67. Kf2 Rg4 68. Kf3 1/2-1/2

[Event "Gibraltar Masters 2020"]
[Site "Caleta ENG"]
[Date "2020.01.23"]
[Round "3.61"]
[White "Stefanova, Antoaneta"]
[Black "Garrido Outon, Alex"]
[Result "0-1"]
[WhiteTitle "GM"]
[WhiteElo "2469"]
[BlackElo "2287"]
[WhiteFideId "2902257"]
[BlackFideId "24516279"]
[EventDate "2020.01.21"]

1. Nf3 d5 2. g3 Nf6 3. Bg2 Bf5 4. c4 c6 5. Qb3 Nbd7 6. Qxb7 e5 7. Qb3 Rb8 8. Qd1
d4 9. O-O Be7 10. d3 O-O 11. Nh4 Be6 12. Bxc6 Ng4 13. Ng2 Rb6 14. Bf3 f5 15. e4
Ngf6 16. exf5 Bxf5 17. Nh4 Bh3 18. Bg2 Bg4 19. Bf3 Bh3 20. Re1 Ne8 21. Bg2 Be6
22. Nf3 Bg4 23. h3 Bh5 24. g4 Bg6 25. Nxe5 Nxe5 26. Rxe5 Bd6 27. Re2 h5 28. g5
h4 29. Na3 Bh5 30. Qc2 Bb8 31. Bd5+ Kh8 32. Re4 Rg6 33. Rxh4 Rxg5+ 34. Bxg5
Qxg5+ 35. Rg4 Bxg4 36. hxg4 Nf6 37. f4 Bxf4 38. Qg2 Be3+ 39. Kh1 Nxd5 40. cxd5
Rf6 41. Qe4 Qh4+ 0-1

[Event "Gibraltar Masters 2020"]
[Site "Caleta ENG"]
[Date "2020.01.23"]
[Round "3.62"]
[White "Pourkashiyan, Atousa"]
[Black "Paehtz, Elisabeth"]
[Result "1-0"]
[WhiteTitle "WGM"]
[BlackTitle "IM"]
[WhiteElo "2305"]
[BlackElo "2467"]
[WhiteFideId "12502014"]
[BlackFideId "4641833"]
[EventDate "2020.01.21"]

1. e4 e5 2. Nf3 Nc6 3. Bb5 a6 4. Ba4 Nf6 5. O-O b5 6. Bb3 Be7 7. Re1 d6 8. c3
Na5 9. Bc2 c5 10. d4 Qc7 11. Nbd2 O-O 12. h3 Bd7 13. Nf1 Rfe8 14. Ng3 Rac8 15.
Bd3 h6 16. d5 c4 17. Bc2 Bf8 18. Nh2 Nb7 19. Ng4 Nxg4 20. hxg4 Qd8 21. Nf5 Qf6
22. Re3 Qg6 23. Rh3 Be7 24. g3 Nc5 25. Kg2 Bf8 26. Be3 a5 27. Qe2 f6 28. Rah1
Rc7 29. Rh4 Rb8 30. Qd2 b4 31. Bxh6 gxh6 32. Nxh6+ Kg7 33. Nf5+ Kf7 34. Rh8 bxc3
35. bxc3 Rb2 36. R1h7+ Qxh7 37. Rxh7+ Kg8 38. Rh4 Nxe4 39. Qc1 Rxc2 40. Qxc2
Bxf5 41. gxf5 Nc5 1-0

[Event "Gibraltar Masters 2020"]
[Site "Caleta ENG"]
[Date "2020.01.23"]
[Round "3.63"]
[White "Ravi, Teja S."]
[Black "Injac, Teodora"]
[Result "1-0"]
[WhiteTitle "IM"]
[BlackTitle "WIM"]
[WhiteElo "2464"]
[BlackElo "2284"]
[WhiteFideId "5017220"]
[BlackFideId "932400"]
[EventDate "2020.01.21"]

1. d4 Nf6 2. c4 g6 3. Nc3 Bg7 4. e4 d6 5. Be2 O-O 6. Nf3 e5 7. d5 a5 8. Bg5 h6
9. Be3 Ng4 10. Bd2 Na6 11. h3 Nf6 12. Be3 Nh5 13. Qd2 Kh7 14. g3 Nc5 15. O-O-O
a4 16. Ne1 Nf6 17. Qc2 b6 18. g4 Bd7 19. f3 Qb8 20. Qd2 Qa7 21. Nc2 Ng8 22. h4
Ne7 23. h5 g5 24. Na3 Qb7 25. Nab5 Nc8 26. Qc2 Na7 27. Na3 Rfd8 28. Nab5 Be8 29.
Rd2 Kh8 30. Rhd1 Bf6 31. Bf1 Be7 32. Re1 Kg8 33. Kd1 Rdc8 34. Ke2 Rcb8 35. Kf2
Nxb5 36. cxb5 Ra5 37. Kg2 Rba8 38. Rdd1 Bd8 39. Bd2 R5a7 40. Nb1 Kg7 41. Re3 Be7
42. Ra3 Qc8 43. Bb4 Bd7 44. Be2 Qe8 45. Nc3 Qb8 46. Rc1 Be8 47. Bc4 Bd7 48. Qe2
Qe8 49. Nd1 Kh7 50. Be1 Qb8 51. Ne3 Qe8 52. Nc2 Bf6 53. Nb4 Bg7 54. Nc6 Bxc6 55.
bxc6 Qb8 56. Bb5 Qd8 57. Rb1 Bf6 58. Qd1 Kg7 59. Bd2 Qb8 60. Bc3 Qd8 61. Qc1 Qc8
62. Qd1 Qd8 63. Kf2 Qb8 64. Ke2 Qc8 65. Kd2 Qd8 66. Kc2 Qc8 67. Ra1 Qd8 68. Qc1
Qc8 69. Be2 Qb8 70. b4 axb3+ 71. axb3 Rxa3 72. Rxa3 Rxa3 73. Qxa3 Nxb3 74. Kxb3
Qe8 75. Qa7 Bd8 76. Qb8 Qe7 77. Qc8 Qf6 78. Bd2 Qe7 79. Kc4 1-0

[Event "Gibraltar Masters 2020"]
[Site "Caleta ENG"]
[Date "2020.01.23"]
[Round "3.64"]
[White "Povah, Nigel E"]
[Black "Javakhishvili, Lela"]
[Result "0-1"]
[WhiteTitle "IM"]
[BlackTitle "IM"]
[WhiteElo "2284"]
[BlackElo "2463"]
[WhiteFideId "400467"]
[BlackFideId "13601458"]
[EventDate "2020.01.21"]

1. d4 d6 2. e4 Nf6 3. Nc3 g6 4. Be3 c6 5. Qd2 Nbd7 6. Nf3 Bg7 7. Bh6 O-O 8.
O-O-O b5 9. Bxg7 Kxg7 10. e5 Nd5 11. Nxd5 cxd5 12. h4 h5 13. exd6 exd6 14. Ng5
Nf6 15. Bd3 a5 16. Rde1 b4 17. Re3 Ra7 18. Rg3 Rg8 19. Re1 Re7 20. Rge3 Rge8 21.
Rxe7 Rxe7 22. f3 Rxe1+ 23. Qxe1 Ng8 24. Qe3 Qf6 25. Kd2 Bd7 26. g3 Qd8 27. f4
Ne7 28. Nf3 a4 29. Kc1 Kf8 30. Qe1 Qb6 31. c3 bxc3 32. bxc3 a3 33. Qf2 Nf5 34.
Ne1 Nxg3 35. Qxg3 Qb2+ 36. Kd1 Bg4+ 37. Nf3 Qa1+ 38. Kd2 Qxa2+ 39. Bc2 Bf5 40.
Ne1 Qb2 0-1

[Event "Gibraltar Masters 2020"]
[Site "Caleta ENG"]
[Date "2020.01.23"]
[Round "3.65"]
[White "Gunina, Valentina"]
[Black "Bru Rullo, Llatzer"]
[Result "1-0"]
[WhiteTitle "GM"]
[BlackTitle "FM"]
[WhiteElo "2461"]
[BlackElo "2273"]
[WhiteFideId "4167570"]
[BlackFideId "22219668"]
[EventDate "2020.01.21"]

1. e4 c5 2. Nf3 e6 3. b3 b6 4. Bd3 Bb7 5. O-O d6 6. Bb2 Nf6 7. Qe2 Be7 8. e5
dxe5 9. Bb5+ Nbd7 10. Nxe5 a6 11. Bc6 Qc7 12. Bxb7 Qxb7 13. d4 O-O 14. Nxd7 Nxd7
15. dxc5 Nxc5 16. Nd2 Rfd8 17. Rad1 b5 18. Rfe1 a5 19. Nf1 Rac8 20. Ng3 f6 21.
Qg4 g6 22. h4 Kf7 23. Qf4 Rxd1 24. Rxd1 Rd8 25. Rxd8 Bxd8 26. Qh6 Kg8 27. h5 Qf7
28. Qe3 Nd7 29. hxg6 hxg6 30. Qd3 b4 31. Ne4 e5 32. Nd6 Qg7 33. Qd5+ Kf8 34. Bc1
g5 35. Be3 Qg8 36. Qa8 Kg7 37. g4 Bc7 38. Ne8+ 1-0

[Event "Gibraltar Masters 2020"]
[Site "Caleta ENG"]
[Date "2020.01.23"]
[Round "3.66"]
[White "Sowray, Peter J"]
[Black "Buckels, Valentin"]
[Result "1/2-1/2"]
[WhiteTitle "FM"]
[BlackTitle "IM"]
[WhiteElo "2272"]
[BlackElo "2459"]
[WhiteFideId "400971"]
[BlackFideId "12942766"]
[EventDate "2020.01.21"]

1. d4 Nf6 2. c4 e6 3. Nc3 Bb4 4. e3 b6 5. Ne2 Ne4 6. f3 Nxc3 7. bxc3 Bd6 8. e4
Nc6 9. Ng3 Qh4 10. e5 Nxe5 11. dxe5 Bxe5 12. f4 Bxc3+ 13. Bd2 Bxa1 14. Qxa1 O-O
15. Bd3 f5 16. Qe5 d6 17. Qe3 e5 18. O-O e4 19. Be2 Be6 20. Bc3 Rad8 21. Rd1 Qe7
22. h3 c5 23. Nh5 g6 24. Bb2 d5 25. cxd5 Rxd5 26. Rxd5 Bxd5 27. Qc3 gxh5 28.
Qh8+ Kf7 29. Bxh5+ Ke6 30. Qe5+ Kd7 31. Qxd5+ Qd6 32. Qb7+ Qc7 33. Qd5+ Qd6 34.
Qb7+ Qc7 35. Qd5+ Qd6 36. Qb7+ 1/2-1/2

[Event "Gibraltar Masters 2020"]
[Site "Caleta ENG"]
[Date "2020.01.23"]
[Round "3.67"]
[White "Werle, Iozefina"]
[Black "Real De Azua, Ernesto"]
[Result "1/2-1/2"]
[WhiteTitle "WGM"]
[BlackTitle "IM"]
[WhiteElo "2271"]
[BlackElo "2456"]
[WhiteFideId "1213261"]
[BlackFideId "108154"]
[EventDate "2020.01.21"]

1. e4 c6 2. d4 d5 3. exd5 cxd5 4. Bd3 Nc6 5. c3 g6 6. Ne2 Nf6 7. O-O Bg7 8. Ng3
O-O 9. f4 e6 10. Nd2 Ne7 11. Nf3 Nf5 12. Nxf5 exf5 13. Qb3 Ne4 14. a4 Rb8 15. a5
Be6 16. a6 b5 17. Be3 Qb6 18. Rfc1 h6 19. Qb4 Rfc8 20. Qa5 Nd6 21. b3 Ne4 22.
Qxb6 Rxb6 23. Bxe4 fxe4 24. Nd2 Rbc6 25. c4 dxc4 26. Ra5 cxb3 27. Rxc6 Rxc6 28.
Rxb5 Rxa6 29. d5 Bf5 30. Rb8+ Kh7 31. Rxb3 Ra5 32. Rb7 Rxd5 33. Rxf7 a5 34. Ra7
Kg8 35. h3 Bc3 36. g4 Bxd2 37. Bxd2 Rxd2 38. gxf5 e3 39. Kf1 gxf5 40. Rxa5 Rf2+
41. Ke1 Rxf4 42. Ke2 Kg7 43. Kxe3 Re4+ 44. Kf3 Kf6 45. Kg3 Kg5 46. h4+ Kf6 47.
Ra6+ Re6 48. Ra5 Re3+ 49. Kf4 Re4+ 50. Kg3 Rg4+ 51. Kh3 Kg6 52. Rb5 Rg1 53. Kh2
Re1 54. Kg3 Re4 55. Ra5 Rg4+ 56. Kh3 h5 57. Ra6+ Kg7 58. Ra7+ Kh6 59. Ra6+ Rg6
60. Ra8 Rg4 61. Ra6+ Kh7 62. Ra5 Kg6 63. Ra6+ Kg7 64. Ra7+ Kf6 65. Ra6+ Ke5 66.
Ra5+ Ke4 67. Ra4+ 1/2-1/2

[Event "Gibraltar Masters 2020"]
[Site "Caleta ENG"]
[Date "2020.01.23"]
[Round "3.68"]
[White "Mammadzada, Gunay"]
[Black "Rangel, Daniel"]
[Result "1-0"]
[WhiteTitle "IM"]
[BlackTitle "FM"]
[WhiteElo "2455"]
[BlackElo "2269"]
[WhiteFideId "13403729"]
[BlackFideId "2124475"]
[EventDate "2020.01.21"]

1. e4 c5 2. Nf3 Nc6 3. d4 cxd4 4. Nxd4 Nf6 5. Nc3 g6 6. Nxc6 bxc6 7. e5 Ng8 8.
Bd3 Bg7 9. Qe2 Nh6 10. Bf4 O-O 11. O-O d5 12. b3 Nf5 13. Qd2 Qa5 14. Rfe1 h6 15.
h3 g5 16. Bh2 Nh4 17. Kh1 Ng6 18. a3 Nf4 19. Bf1 Qc7 20. Qe3 Be6 21. b4 a5 22.
bxa5 c5 23. Bxf4 d4 24. Qf3 gxf4 25. Nd5 Bxd5 26. Qxd5 Rad8 27. Qe4 c4 28. Rad1
Qc5 29. a6 e6 30. a7 Rd5 31. Qxf4 Ra8 32. Re4 d3 33. cxd3 c3 34. Ra4 c2 35. Rc1
Rxa7 36. Rxc2 1-0

[Event "Gibraltar Masters 2020"]
[Site "Caleta ENG"]
[Date "2020.01.23"]
[Round "3.69"]
[White "Gvanceladze, Anna"]
[Black "Paveto, Kevin"]
[Result "1/2-1/2"]
[WhiteTitle "WFM"]
[BlackTitle "IM"]
[WhiteElo "2270"]
[BlackElo "2452"]
[WhiteFideId "4113721"]
[BlackFideId "173444"]
[EventDate "2020.01.21"]

1. d4 Nf6 2. Nf3 g6 3. g3 Bg7 4. Bg2 O-O 5. O-O d5 6. c4 dxc4 7. Na3 c3 8. bxc3
c5 9. Re1 Nc6 10. e4 Bg4 11. Nc2 Qa5 12. Bd2 Qa4 13. e5 Nd5 14. Ne3 Qxd1 15.
Rexd1 Nxe3 16. Bxe3 cxd4 17. cxd4 Rac8 18. h3 Bd7 19. Ne1 b6 20. f4 Na5 21. Rdc1
e6 22. h4 Nc4 23. Bf2 Rc7 24. d5 exd5 25. Bxd5 Rfc8 26. Rd1 Nb2 27. Rd2 Na4 28.
Rad1 Bf5 29. Bb3 Nc3 30. Rd8+ Bf8 31. R1d2 Ne4 32. Rd1 Bg4 33. R1d4 Nxf2 34.
Kxf2 Kg7 35. Kg2 a5 36. Nf3 Rxd8 37. Rxd8 b5 38. Nd4 Rc5 39. e6 a4 40. Bd5 Rc7
41. exf7 Rd7 42. Rxd7 Bxd7 43. Ne6+ Kxf7 44. Nc5+ Ke7 45. Nxd7 Kxd7 1/2-1/2

[Event "Gibraltar Masters 2020"]
[Site "Caleta ENG"]
[Date "2020.01.23"]
[Round "3.70"]
[White "Horvath, Dominik"]
[Black "Pratyusha, Bodda"]
[Result "1-0"]
[WhiteTitle "IM"]
[BlackTitle "WIM"]
[WhiteElo "2449"]
[BlackElo "2267"]
[WhiteFideId "1642561"]
[BlackFideId "5000629"]
[EventDate "2020.01.21"]

1. c4 Nf6 2. Nc3 e6 3. e4 d5 4. cxd5 exd5 5. e5 Ne4 6. Nf3 Bf5 7. d3 Nxc3 8.
bxc3 c5 9. d4 c4 10. g3 Nc6 11. Bg2 Qa5 12. Bd2 Ba3 13. O-O Bd3 14. Rb1 Bxf1 15.
Kxf1 O-O 16. Nh4 Ne7 17. Qg4 Qa6 18. Bg5 Qe6 19. Qf3 Rad8 20. Bxe7 Bxe7 21. Nf5
b6 22. h4 g6 23. Ne3 f6 24. Qxd5 Qxd5 25. Nxd5 Rxd5 26. Bxd5+ Kg7 27. exf6+ Bxf6
28. Rb4 Rd8 29. Bc6 Rc8 30. Rxc4 a6 31. a4 Be7 32. Bb5 Rxc4 33. Bxc4 a5 34. Ke2
Ba3 35. Ba6 Bb2 36. Kd3 Kf6 37. c4 Ke6 38. Ke4 Kd6 39. Bb7 Bc3 40. g4 Be1 41.
Ke3 h6 42. g5 hxg5 43. hxg5 Bc3 44. Be4 Bb2 45. f4 Bc1+ 46. Kf3 Bb2 47. d5 Kc5
48. Bxg6 Kxc4 49. d6 Ba3 50. d7 Be7 51. Bf7+ Kb4 52. g6 1-0

[Event "Gibraltar Masters 2020"]
[Site "Caleta ENG"]
[Date "2020.01.23"]
[Round "3.71"]
[White "Rakshitta, Ravi"]
[Black "Khotenashvili, Bela"]
[Result "0-1"]
[WhiteTitle "WIM"]
[BlackTitle "GM"]
[WhiteElo "2267"]
[BlackElo "2446"]
[WhiteFideId "25073230"]
[BlackFideId "13602640"]
[EventDate "2020.01.21"]

1. Nf3 g6 2. e4 c6 3. d4 Bg7 4. Nc3 d5 5. h3 Nh6 6. Bd3 f6 7. O-O Nf7 8. Ne2
dxe4 9. Bxe4 O-O 10. Re1 Na6 11. a3 Nc7 12. c4 Nd6 13. Bd3 b5 14. b3 Be6 15. Qc2
Bf7 16. h4 Qd7 17. h5 bxc4 18. bxc4 Nf5 19. Nf4 Rfe8 20. Rb1 e5 21. dxe5 fxe5
22. Nh3 Rad8 23. Be4 Nd4 24. Nxd4 exd4 25. Bg5 d3 26. Qd2 Ne6 27. Bxd8 Rxd8 28.
hxg6 hxg6 29. Rbd1 Nc5 30. Qg5 d2 31. Re2 Nxe4 32. Rxe4 Qd6 33. Nf4 Rd7 34. Qg3
Bh6 35. c5 Qc7 36. Qe3 Qd8 37. Rb4 Kh7 38. Qe5 Bg7 39. Qe2 Bh6 40. g3 Bg7 41.
Ne6 Qe7 42. Re4 Bh6 43. f4 Qf6 44. Kh2 Kg8 45. Qe3 Re7 46. Nd4 Rxe4 47. Qxe4 Bd5
48. Qe3 g5 49. Rxd2 gxf4 50. Rf2 Qh8 0-1

[Event "Gibraltar Masters 2020"]
[Site "Caleta ENG"]
[Date "2020.01.23"]
[Round "3.72"]
[White "Bulmaga, Irina"]
[Black "Csiki, Endre"]
[Result "1/2-1/2"]
[WhiteTitle "IM"]
[BlackTitle "FM"]
[WhiteElo "2446"]
[BlackElo "2263"]
[WhiteFideId "13903063"]
[BlackFideId "775126"]
[EventDate "2020.01.21"]

1. e4 e5 2. Nf3 Nc6 3. Bb5 a6 4. Ba4 Nf6 5. O-O Bc5 6. d3 b5 7. Bb3 d6 8. a4 Rb8
9. c3 h6 10. h3 O-O 11. d4 Bb6 12. Be3 exd4 13. cxd4 Re8 14. axb5 axb5 15. Nbd2
Bb7 16. Qb1 Nb4 17. e5 dxe5 18. dxe5 Nfd5 19. Bxb6 Nxb6 20. Qf5 Bd5 21. Bxd5
N4xd5 22. Ne4 Qd7 23. Qh5 Nf4 24. Qh4 Ng6 25. Qg3 Qf5 26. Rfe1 Qf4 27. Qxf4 Nxf4
28. Nc5 Ra8 29. Rxa8 Rxa8 30. Nd4 Na4 31. Ra1 Rd8 32. Nc6 Rd2 33. Nxa4 bxa4 34.
Rxa4 Nd3 35. f4 Rc2 36. Ne7+ Kh7 37. b3 Rc3 38. Nd5 Rxb3 39. Nxc7 h5 40. h4 Rb1+
41. Kh2 Nf2 42. Kg3 Ng4 43. Ra3 Nh6 44. e6 Nf5+ 45. Kh2 Kg6 46. Ra5 fxe6 47.
Nxe6 Nxh4 48. Rg5+ Kf7 49. Nd8+ Kf6 50. Rxh5 Nf5 51. Nc6 Rh1+ 52. Kxh1 Ng3+ 53.
Kh2 Nxh5 54. g3 Nxg3 55. Kxg3 g5 1/2-1/2

[Event "Gibraltar Masters 2020"]
[Site "Caleta ENG"]
[Date "2020.01.23"]
[Round "3.73"]
[White "Murzin, Volodar"]
[Black "Benmesbah, Natacha"]
[Result "1-0"]
[WhiteTitle "IM"]
[BlackTitle "WIM"]
[WhiteElo "2442"]
[BlackElo "2258"]
[WhiteFideId "44155573"]
[BlackFideId "642002"]
[EventDate "2020.01.21"]

1. d4 Nf6 2. Nf3 g6 3. Bg5 Bg7 4. Nbd2 c5 5. Bxf6 Bxf6 6. Ne4 Qb6 7. Nxf6+ Qxf6
8. e3 cxd4 9. exd4 d5 10. c3 Nc6 11. Be2 O-O 12. O-O Bg4 13. Re1 Bxf3 14. Bxf3
e6 15. Be2 Rfc8 16. Bd3 Rab8 17. a4 Na5 18. Re3 b6 19. Rf3 Qg5 20. Rg3 Qf6 21.
Qe2 Nc4 22. Rg4 a6 23. h4 b5 24. axb5 axb5 25. h5 b4 26. hxg6 hxg6 27. Bxg6 fxg6
28. Qd3 Qf5 29. Qg3 Rb7 30. Rg5 Qe4 31. Rxg6+ Kh8 32. Rg4 Qf5 33. Rh4+ Rh7 34.
Ra7 1-0

[Event "Gibraltar Masters 2020"]
[Site "Caleta ENG"]
[Date "2020.01.23"]
[Round "3.74"]
[White "Vedder, Richard"]
[Black "Womacka, Mathias"]
[Result "0-1"]
[WhiteTitle "FM"]
[BlackTitle "GM"]
[WhiteElo "2263"]
[BlackElo "2439"]
[WhiteFideId "1004166"]
[BlackFideId "4611390"]
[EventDate "2020.01.21"]

1. d4 Nf6 2. c4 e6 3. Nf3 Bb4+ 4. Bd2 Qe7 5. g3 Bxd2+ 6. Nbxd2 O-O 7. Bg2 d6 8.
O-O e5 9. e4 Bg4 10. Qb3 Bxf3 11. Nxf3 c5 12. dxe5 dxe5 13. Nh4 g6 14. f4 Nc6
15. fxe5 Ng4 16. Nf3 Rad8 17. Rad1 Nd4 18. Qa3 Ne2+ 0-1

[Event "Gibraltar Masters 2020"]
[Site "Caleta ENG"]
[Date "2020.01.23"]
[Round "3.75"]
[White "Rakotomaharo, Fy Antenaina"]
[Black "Sousa, Ludy Helsio Paulo"]
[Result "1-0"]
[WhiteTitle "IM"]
[BlackTitle "CM"]
[WhiteElo "2433"]
[BlackElo "2247"]
[WhiteFideId "13100050"]
[BlackFideId "1504134"]
[EventDate "2020.01.21"]

1. e4 c5 2. Nf3 a6 3. c3 d6 4. d4 Qc7 5. Bd3 Nd7 6. a4 b6 7. O-O Ngf6 8. Qe2 e5
9. dxe5 Nxe5 10. Nxe5 dxe5 11. Bg5 Be7 12. Nd2 h6 13. Bh4 O-O 14. Nc4 Bb7 15.
Bg3 Nd7 16. Ne3 Rfe8 17. Rfd1 Bf8 18. Bc4 Nf6 19. Nd5 Qc6 20. Nxf6+ Qxf6 21. Rd7
Re7 22. Rad1 Bc6 23. R7d6 Re6 24. Bxe6 Bxd6 25. Rxd6 Bxa4 26. Bd5 Qxd6 27. Bxa8
Bd1 28. Qxa6 Qd2 29. h3 1-0

[Event "Gibraltar Masters 2020"]
[Site "Caleta ENG"]
[Date "2020.01.23"]
[Round "3.76"]
[White "Fernandez, Maria Florencia"]
[Black "Merario Alarcon, Andres"]
[Result "0-1"]
[WhiteTitle "WIM"]
[BlackTitle "IM"]
[WhiteElo "2227"]
[BlackElo "2412"]
[WhiteFideId "116459"]
[BlackFideId "24522767"]
[EventDate "2020.01.21"]

1. d4 Nf6 2. c4 c5 3. d5 g6 4. Nc3 Bg7 5. e4 d6 6. Be2 O-O 7. Nf3 e5 8. O-O Ne8
9. Ne1 f5 10. Nd3 Nf6 11. f3 f4 12. a3 g5 13. b4 b6 14. bxc5 bxc5 15. Bd2 h5 16.
Nf2 Kh8 17. Nb5 Rf7 18. Rb1 Bf8 19. Qa4 g4 20. Qa5 Qe7 21. Nd3 Rg7 22. Nxf4 exf4
23. Bxf4 Ne8 24. Rb3 Nd7 25. fxg4 hxg4 26. Qd2 Kg8 27. Rg3 Ndf6 28. Nc3 Nh5 29.
Rd3 Nxf4 30. Qxf4 Rf7 31. Qg3 Rxf1+ 32. Kxf1 Nf6 33. Qh4 Bg7 34. Qg5 Bd7 35. h3
Re8 36. hxg4 Nxg4 37. Qxe7 Rxe7 38. Bf3 Ne5 0-1

[Event "Gibraltar Masters 2020"]
[Site "Caleta ENG"]
[Date "2020.01.23"]
[Round "3.77"]
[White "Paramzina, Anastasya"]
[Black "Kulkarni, Bhakti"]
[Result "0-1"]
[WhiteTitle "WGM"]
[BlackTitle "IM"]
[WhiteElo "2224"]
[BlackElo "2404"]
[WhiteFideId "4165012"]
[BlackFideId "5019516"]
[EventDate "2020.01.21"]

1. e4 e5 2. Nf3 Nc6 3. Bc4 Bc5 4. d3 Nf6 5. O-O d6 6. c3 a5 7. Re1 O-O 8. h3 h6
9. Nbd2 Be6 10. Bb5 Qb8 11. Nf1 Qa7 12. d4 exd4 13. Bxc6 bxc6 14. Nxd4 Bd7 15.
Ng3 Rab8 16. Re2 Rfe8 17. b3 a4 18. Bb2 h5 19. Qd3 a3 20. Bc1 Bxd4 21. cxd4 h4
22. Nf1 c5 23. e5 Bb5 24. Qf5 Bxe2 25. exf6 Re6 26. Bg5 cxd4 27. Rc1 Rb5 28. Qf4
Bxf1 29. Kxf1 Rc5 30. Rd1 Qa6+ 31. Kg1 Qe2 32. Rxd4 Qxa2 33. Qxh4 Qb1+ 34. Kh2
a2 35. Rb4 Re8 36. fxg7 Qh7 37. Bf6 Rh5 38. Qd4 c5 39. Rb8 Rxb8 40. Qxd6 Re8 41.
Qd7 Qe4 0-1

[Event "Gibraltar Masters 2020"]
[Site "Caleta ENG"]
[Date "2020.01.23"]
[Round "3.78"]
[White "Weisbuch, Udi"]
[Black "Seul, Georg"]
[Result "1-0"]
[WhiteTitle "FM"]
[BlackTitle "IM"]
[WhiteElo "2222"]
[BlackElo "2401"]
[WhiteFideId "2801302"]
[BlackFideId "4601653"]
[EventDate "2020.01.21"]

1. e4 e5 2. Nf3 Nc6 3. Bc4 Nf6 4. d3 Be7 5. O-O O-O 6. Re1 d6 7. a4 Be6 8. Nbd2
Qd7 9. Nf1 Rad8 10. Ng3 h6 11. a5 a6 12. Bxe6 fxe6 13. c3 Na7 14. b4 Nc6 15. Qb3
Nh7 16. Bd2 Kh8 17. Ra2 Ra8 18. h3 Rf7 19. Rb1 Nf8 20. b5 axb5 21. Qxb5 Nd8 22.
Qb3 Ng6 23. d4 exd4 24. cxd4 d5 25. Qc2 Ra6 26. Qd3 Rf8 27. exd5 exd5 28. Rxb7
Raf6 29. Rb8 Rxf3 30. Qxg6 Nc6 31. Rxf8+ Rxf8 32. Be3 Ra8 33. a6 Qd6 34. Qh5 Nb4
35. Ra4 Rxa6 36. Rxa6 Nxa6 37. Nf5 Qf6 38. Nxe7 Qxe7 39. Qxd5 Nb4 40. Qc5 Qxc5
41. dxc5 Kg8 42. Kh2 Kf7 43. Kg3 Ke6 44. Kf4 Nd5+ 45. Ke4 h5 46. Bd4 g6 47. g3
Nb4 48. f3 Nc6 49. g4 Nd8 50. gxh5 gxh5 51. f4 Nf7 52. f5+ Kd7 53. Be3 c6 54.
Kf4 Ke7 55. Bd2 Kf6 56. Bc3+ Ke7 57. Bb2 Kd7 58. Kg3 Nh6 59. f6 1-0

[Event "Gibraltar Masters 2020"]
[Site "Caleta ENG"]
[Date "2020.01.23"]
[Round "3.79"]
[White "Janzelj, Lara"]
[Black "Sankalp, Gupta"]
[Result "1/2-1/2"]
[WhiteTitle "WIM"]
[BlackTitle "IM"]
[WhiteElo "2195"]
[BlackElo "2400"]
[WhiteFideId "14608391"]
[BlackFideId "5097010"]
[EventDate "2020.01.21"]

1. d4 Nf6 2. c4 e6 3. Nf3 b6 4. a3 Bb7 5. Nc3 d5 6. cxd5 Nxd5 7. Qc2 Nxc3 8.
bxc3 c5 9. e4 Nd7 10. Bb5 a6 11. Bd3 Qc7 12. Qb1 Be7 13. O-O O-O 14. d5 c4 15.
Bc2 exd5 16. exd5 Nf6 17. Be3 b5 18. Bd4 h6 19. Be5 Qb6 20. d6 Bxd6 21. Bxf6
gxf6 22. Qc1 Rfe8 23. Qxh6 Be4 24. Bxe4 Rxe4 25. Rad1 Bf8 26. Qh5 Qe6 27. Nd4
Qg4 28. Qd5 Ree8 29. Rde1 Rxe1 30. Rxe1 Re8 31. Rf1 Qe4 32. Qh5 Re5 33. Qh3 Rg5
34. Nf3 Rg6 35. Re1 Qd3 36. Re3 Qd1+ 37. Re1 Qd3 38. Re3 Qd6 39. Qf5 Qxa3 40. h4
Qc5 41. Qh3 Kh7 42. Qd7 Kg8 43. Re8 Qa3 44. Qc8 f5 45. g3 Qd6 46. Qxf5 Qc6 47.
Rd8 Qf6 48. Qd5 Qc6 49. Qh5 Qc7 50. Ng5 Rg7 51. Qd1 b4 52. Ne4 Qb6 53. cxb4 c3
54. Rd3 Bxb4 55. Nxc3 Bf8 56. Nd5 Qh6 57. Qf3 Rg6 58. Rd4 Bd6 59. Ne3 Bf8 60. h5
Rg5 61. Ng4 Qe6 62. Nf6+ Kg7 63. h6+ Kxh6 64. Rh4+ Kg7 65. Ne4 Rg6 66. Qc3+ f6
67. Qc7+ Be7 68. Qb8 Bf8 69. Qb7+ Be7 70. Nc5 Qe1+ 71. Kg2 f5 72. Ne4 Qb4 73.
Qxb4 Bxb4 74. Nf6 Be7 75. Nh5+ Kf7 76. Ra4 Bd8 77. Nf4 Rd6 78. Kf3 Ke7 79. g4
fxg4+ 80. Kxg4 Kd7 81. Rc4 a5 82. Ne2 Rg6+ 83. Kf3 Rf6+ 84. Kg3 Ra6 85. Nc3 Rc6
86. Rd4+ Rd6 87. Rc4 Rd3+ 88. Kg4 Bf6 89. Ne2 Rd2 90. Kf3 Ra2 91. Nf4 a4 92. Nd5 1/2-1/2

[Event "Gibraltar Masters 2020"]
[Site "Caleta ENG"]
[Date "2020.01.23"]
[Round "3.80"]
[White "Mihajlov, Svetoslav"]
[Black "Soumya, Swaminathan"]
[Result "0-1"]
[WhiteTitle "CM"]
[BlackTitle "WGM"]
[WhiteElo "2173"]
[BlackElo "2384"]
[WhiteFideId "1507168"]
[BlackFideId "5016193"]
[EventDate "2020.01.21"]

1. c4 c6 2. d4 d5 3. Nf3 Nf6 4. Nc3 e6 5. cxd5 exd5 6. Qc2 g6 7. Bg5 Be7 8. e3
Bf5 9. Bd3 Bxd3 10. Qxd3 Nbd7 11. O-O O-O 12. Nd2 Re8 13. Rab1 a5 14. a3 a4 15.
Ne2 Qa5 16. Rfd1 Ne4 17. Bxe7 Rxe7 18. Nxe4 dxe4 19. Qd2 Nb6 20. Qc2 Qb5 21.
Rbc1 Ra5 22. Rd2 h5 23. h3 h4 24. Nc3 Qc4 25. Qb1 Qe6 26. Rdc2 Rg5 27. Kh1 Rf5
28. Kg1 g5 29. Ne2 Qg6 30. Rc5 Nd5 31. Nc3 g4 32. Nxd5 cxd5 33. Kh1 gxh3 34. Rg1
h2 35. Rf1 Rg5 36. Qd1 Rxg2 37. Rxd5 f5 38. Rc5 Rg7 39. Rc1 f4 40. exf4 Qf5 41.
Qxa4 Rg1+ 42. Rxg1 hxg1=Q+ 0-1